Les 20 villes les plus peuplées du Monde - Statistiques

Statistiques générales
  • Ce quiz a été pris 722 fois
    665 depuis la dernière actualisation
  • Le résultat moyen est 8 sur 20
Statistiques - réponses
Hint Population Réponse % Correct
1 37,4 M hab Tokyo
93%
8 21,3 M hab Pékin
82%
2 32,1 M hab New Delhi
75%
3 28,5 M hab Shanghai
75%
9 21,0 M hab Mumbai
57%
6 22,1 M hab Mexico
54%
7 21,8 M hab Le Caire
46%
5 22,4 M hab Sao Paulo
44%
15 15,4 M hab Lagos
40%
13 15,6 M hab Istanbul
29%
16 15,1 M hab Buenos Aires
28%
18 14 M hab Manille
28%
4 22,5 M hab Dacca
27%
10 19,1 M hab Osaka
24%
14 15,6 M hab Kinshasa
19%
12 16,8 M hab Karachi
16%
11 16,9 M hab Chongqing
7%
17 14,8 M hab Kolkata
5%
20 13,6 M hab Tianjin
3%
19 13,8 M hab Guanghzou
2%
Aucun quiz correspondant
Distribution des résultats
% des personnes avec chaque résultat
Percentile par nombre de réponses
Votre historique - résultats
Vous n’avez pas pris ce quiz depuis la dernière actualisation